Français : Trouvez le mot valise - Statistiques

Statistiques générales
  • Ce quiz a été pris 65 fois
  • Le résultat moyen est 26 sur 75
Statistiques - réponses
Indices Mot % Correct
Adulte - Adolescent Adulescent
82%
Britain - Exit Brexit
72%
Burka - Bikini Burkini
65%
Couple - Trois Trouple
65%
Compote - Pomme Pom'pote
61%
Europe - Asie Eurasie
60%
Phone - Smart Smartphone
60%
Encyclopedia - Wiki Wikipedia
60%
Hollywood - Bombay Bollywood
58%
Internet - Dark Darknet
58%
Français - Anglais Franglais
58%
Amine - Vital Vitamine
58%
Aliment - Médicament Alicament
56%
Courrier - Electronique Courriel
56%
Hôtel - Motor Motel
56%
Automobile - Papa Papamobile
56%
Culture - Permanente Permaculture
54%
Marron - Potiron Potimarron
51%
Netherlands - Luxembourg - Belgique Benelux
49%
Hétérosexuel - Métropolitain Métrosexuel
49%
Séminaire - Web Webinaire
49%
Icône - Emotion Emoticône
47%
Vidéo - Blog Vlog
47%
Marathon - Télévision Téléthon
46%
Elévator - Escalier Escalator
44%
Dollar - Pétrole Pétrodollar
44%
Balise - Ruban Rubalise
44%
Network - Inter Internet
42%
Texan - Mexican Tex-Mex
42%
Feutre - Calfater Calfeutrer
40%
Clavier - Bavardage Clavardage
40%
Basket-ball - Street Street ball
40%
Magazine - Fan Fanzine
39%
Bibliothèque - Logiciel Logithèque
39%
Dôme - Radar Radome
39%
Duplex - Sous-sol Souplex
37%
Latex - Play Playtex
33%
Picture - Biographie Biopic
32%
Multitude - Foule Foultitude
32%
Salao - Futebol Futsal
32%
Ile - France Francilien
30%
Information - Automatique Informatique
30%
Software - Microcomputer Microsoft
30%
Monster - Pocket Pokémon
28%
Information - Intox Intox
26%
Programme - Logiciel Progiciel
26%
Aluminium - Téflon Téfal
26%
Résistor - Transfer Transistor
26%
Crochet - Velours Velcro
26%
Web - Log Blog
25%
Comédie - Situation Sitcom
25%
Peer-to-peer - Sky Skype
25%
Transport - Francilien Transilien
25%
Software - Share Shareware
21%
Pillage - Photocopie Photocopiage
19%
Element - Picture Pixel
19%
Zanzibar - Tanganyika Tanzanie
19%
Organisme - Cybernétique Cyborg
16%
Prothèse - Orthopédique Orthèse
16%
Manuscrit - Taper Tapuscrit
16%
Démodulateur - Modulateur Modem
14%
Logiciel - Pourri Pourriel
14%
Textile - Sponge Spontex
14%
Tennis - Tétramino Tétris
14%
Gratuit - Logiciel Gratuiciel
12%
Network - Etiquette Netiquette
12%
Amonceler - Accumuler Accumonceler
11%
Ham - Spiced Spam
11%
Tablette - Phone Phablet
7%
Informatique - Télécommunications Télématique
7%
Technique - Biologie Bionique
5%
Festival - Techno Teknival
4%
Electronique - Aviation Avionique
2%
Brodcast - Ipod Brodcast
2%
Flow - Internet Netflix
0%
Aucun quiz correspondant
Distribution des résultats
% des personnes avec chaque résultat
Percentile par nombre de réponses
Votre historique - résultats
Vous n’avez pas pris ce quiz